00909aam a2200289 i 4500001001000000003001000010005001700020007000300037008004100040040001400081041000800095082002100103100004700124245007200171264006600243264001100309300001800320336002700338337003300365338002800398563001400426650001800440942000700458945001200465952012500477999001700602768714001CO-MdFUSB20251021163338.0ta251021t1963 -us |||| |||| 00| 0 spa d cCO-MdFUSB0 aspa04223a252 bF6991t1 aFord, W. Herschel (William) (1900-)eautor10aSencillos sermones sobre los diez mandamientos c/ W. Herschel Ford 1bCasa Bautista de Publicaciones,aEl Paso, TX., USA : c[1963] 4c©1963 a159 páginas atextobtxt2rdacontent 2rdamediaasin mediaciónbn 2rdacarrieravolumenbnc aRústico 7aSermones9283 cBK aJTF-925 001040708GENaFUSBCbFUSBCd2004-12-27l1oG 252 F6991t p5026r2020-03-10 00:00:00s2020-03-02t1w2016-01-26yBKB0 c36414d36414